| 000 | 00402nam a2200157Ia 4500 | ||
|---|---|---|---|
| 008 | 230516s9999 xx 000 0 und d | ||
| 041 | _aeng | ||
| 082 |
_a615 _bCAR/FRA |
||
| 100 | _aCARTER S.J. | ||
| 245 | _aCOOPER AND GUNN'S DISPENSING FOR PHARMACEUTICAL STUDENTS | ||
| 260 |
_bC.B.S. PUBLISHERS & DISTRUTORS _c2000 |
||
| 300 | _a759 | ||
| 500 | _aPB | ||
| 520 | _aPH | ||
| 650 | _aPHARMACEUTICS | ||
| 999 |
_c363547 _d363547 |
||